| 000 | 00586nam a2200229Ia 4500 | ||
|---|---|---|---|
| 003 | OSt | ||
| 005 | 20220928120200.0 | ||
| 006 | a|||||r|||| 00| 0 | ||
| 007 | ta | ||
| 008 | 220927b |||||||| |||| 00| 0 eng d | ||
| 024 | _a79633 | ||
| 037 | _cTextual | ||
| 040 |
_aSDCL _cSDCL _beng |
||
| 041 |
_2eng _aeng |
||
| 082 | _aX65.495'N9, N6 | ||
| 100 |
_aCho Yong-Doo _9447956 |
||
| 245 | 0 | _aFinancial factorsm and corporate investment | |
| 260 | _c1996 | ||
| 300 |
_axii,200p _ccm. |
||
| 942 |
_hX65.495'N9, N6 _cTEXL _2CC |
||
| 999 |
_c762591 _d762591 |
||